| 000 | 00347nam a22001457a 4500 | ||
|---|---|---|---|
| 003 | SGT | ||
| 020 | _a9788180387746 | ||
| 082 |
_a614.1 _bMOD |
||
| 100 | _aMODI JAISINGH P. | ||
| 245 | _aA TEXTBOOK OF MEDICAL JURISPRUDENCE AND TOXICOLOGY | ||
| 250 | _a24TH | ||
| 260 |
_bLEXIS NEXIS _c2015 |
||
| 650 | _aPHYSICAL SCIENCE | ||
| 942 |
_2ddc _cBK _01 |
||
| 999 |
_c15780 _d15780 |
||